[Event "EU Amateur-ch"]
[Site "Ruzomberok"]
[Date "2016.06.06"]
[Round "1"]
[White "Zielinski, Olgierd"]
[Black "Colompar, Ladislau Alexandru"]
[Result "0-1"]
[WhiteElo "1923"]
[BlackElo "1754"]
[PlyCount "110"]
[EventDate "2016.06.06"]
[EventType "swiss"]
[EventRounds "9"]
[EventCountry "SVK"]
[SourceTitle "CBM 172 Extra"]
[Source "ChessBase"]
[SourceDate "2016.06.21"]
[SourceVersion "1"]
[SourceVersionDate "2016.06.21"]
[SourceQuality "1"]

1. e4 e6 2. d4 d5 3. Nc3 c6 4. Nf3 Nf6 5. Bd3 Bb4 6. e5 Nfd7 7. 0-0 c5 8. a3 Bxc3 9. bxc3 c4 10. Be2 h6 11. a4 0-0 12. Ba3 Re8 13. Ne1 Nc6 14. f4 Qa5 15. Rf3 Nb6 16. Rg3 Kh7 17. Bh5 g6 18. Qg4 Rg8 19. Nf3 Bd7 20. Ng5+ hxg5 21. Qxg5 Rg7 22. Rh3 Kg8 23. Qf6 Nxa4 24. Bc5 Qd8 25. Rxa4 gxh5 26. Rxh5 Qxf6 27. exf6 Rg6 28. Rg5 Rxg5 29. fxg5 Nxd4 30. Rxa7 Rxa7 31. Bxa7 Nxc2 32. h4 Ne1 33. Bc5 Nd3 34. Be3 e5 35. h5 Bg4 36. h6 Bf5 37. Kf1 Kf8 38. g4 Bg6 39. Ke2 Ke8 40. Kd2 Kd7 41. Bb6 Kc6 42. Bd8 Kb5 43. Be7 Ka4 44. Kc2 b5 45. Bd6 b4 46. cxb4 Nxb4+ 47. Kc3 Nd3 48. Be7 Kb5 49. Bd6 d4+ 50. Kd2 c3+ 51. Kd1 Kc4 52. h7 Bxh7 53. g6 Bxg6 54. g5 Nf2+ 55. Kc1 d3 0-1

[Event "Gibraltar Masters 11th"]
[Site "Caleta"]
[Date "2013.01.30"]
[Round "9"]
[White "Kuenitz, Klaus"]
[Black "Colompar, Ladislau Alexandru"]
[Result "0-1"]
[WhiteElo "1643"]
[BlackElo "1790"]
[PlyCount "52"]
[EventDate "2013.01.22"]
[EventType "swiss"]
[EventRounds "10"]
[EventCountry "GGB"]
[SourceTitle "CBM 153"]
[Source "ChessBase"]
[SourceDate "2013.03.14"]
[SourceVersion "1"]
[SourceVersionDate "2013.03.14"]
[SourceQuality "1"]

1. d4 f5 2. c4 Nf6 3. Bg5 e6 4. Nc3 d6 5. e4 fxe4 6. Nxe4 Be7 7. Bd3 0-0 8. Nf3 Nc6 9. 0-0 h6 10. Bh4 Nb4 11. Bb1 d5 12. Nxf6+ Bxf6 13. Bxf6 Qxf6 14. cxd5 exd5 15. a3 Nc6 16. Ba2 Ne7 17. Rc1 c6 18. Ne5 Qg5 19. g3 Bh3 20. Nf3 Qf6 21. Rc3 Bg4 22. Re1 Bxf3 23. Rxf3 Qxf3 24. Qxf3 Rxf3 25. Rxe7 Raf8 26. Re2 Rd3 0-1

[Event "Gibraltar Masters 11th"]
[Site "Caleta"]
[Date "2013.01.29"]
[Round "8"]
[White "Colompar, Ladislau Alexandru"]
[Black "Diaz Gallego, Saul"]
[Result "1/2-1/2"]
[WhiteElo "1790"]
[BlackElo "1655"]
[PlyCount "77"]
[EventDate "2013.01.22"]
[EventType "swiss"]
[EventRounds "10"]
[EventCountry "GGB"]
[SourceTitle "CBM 153"]
[Source "ChessBase"]
[SourceDate "2013.03.14"]
[SourceVersion "1"]
[SourceVersionDate "2013.03.14"]
[SourceQuality "1"]

1. d4 Nf6 2. e3 d5 3. Bd3 c5 4. b3 cxd4 5. exd4 Nc6 6. Bb2 Qc7 7. a3 e6 8. Nf3 Bd6 9. Qe2 0-0 10. Ne5 Qb6 11. Nf3 Re8 12. 0-0 Qc7 13. Ne5 Qb6 14. Nxc6 bxc6 15. Nd2 a5 16. Nf3 Ba6 17. Rad1 Ne4 18. Qe3 c5 19. Bxe4 dxe4 20. Ng5 Bxf1 21. Qxe4 f5 22. Qf3 h6 23. Nxe6 Bxh2+ 24. Kxh2 Qxe6 25. Rxf1 cxd4 26. Kg1 Qe4 27. Qxe4 Rxe4 28. Rd1 Rd8 29. Kf1 Rc8 30. Rd2 g5 31. f3 Re6 32. Bxd4 a4 33. b4 Rd8 34. c3 Rde8 35. Kf2 Re1 36. c4 Rc1 37. c5 f4 38. Bb2 Rb1 39. b5 1/2-1/2